Gender, matriliny, and entrepreneurship: (Record no. 11353)

MARC details
000 -LEADER
fixed length control field 00724 a2200205 4500
010 ## - LIBRARY OF CONGRESS CONTROL NUMBER
LC control number ENG-89766
020 ## - INTERNATIONAL STANDARD BOOK NUMBER
International Standard Book Number 9788189013769
Terms of availability 350.00
035 ## - SYSTEM CONTROL NUMBER
System control number EN-73299
037 ## - SOURCE OF ACQUISITION
Source of stock number/acquisition DBAD / PUB
082 14 - DEWEY DECIMAL CLASSIFICATION NUMBER
Classification number 305.43338
090 ## - LOCALLY ASSIGNED LC-TYPE CALL NUMBER (OCLC); LOCAL CALL NUMBER (OCLC)
-- 11673
-- 11673
100 1# - MAIN ENTRY--PERSONAL NAME
Personal name Nongbri, Tiplut
245 1# - TITLE STATEMENT
Title Gender, matriliny, and entrepreneurship:
Statement of responsibility, etc by Tiplut Nongbri
Remainder of title the khasis of North-East India/
260 ## - PUBLICATION, DISTRIBUTION, ETC. (IMPRINT)
Place of publication, distribution, etc New Delhi
Name of publisher, distributor, etc Zubaan
Date of publication, distribution, etc 2008
270 ## - ADDRESS
Address K-92, 1st Floor, Hauz Khas Enclave,
City New Delhi
Postal code 110 016
300 ## - PHYSICAL DESCRIPTION
Extent xiv, 207p.
Dimensions 23 cm (Hb)
500 ## - GENERAL NOTE
General note Includes bibliographical references
942 ## - ADDED ENTRY ELEMENTS (KOHA)
Institution code [OBSOLETE] dpl
Koha item type English Books
Call number prefix 305.43338/ NON
Holdings
Withdrawn status Lost status Source of classification or shelving scheme Damaged status Not for loan Collection code Home library Current library Source of acquisition Cost, normal purchase price Total Checkouts Full call number Barcode Date last seen Copy number Uniform Resource Identifier Cost, replacement price Price effective from Koha item type
    Dewey Decimal Classification   Not For Loan Non-fiction D.B.Act.Division D.B.Act.Division DBAD/PUB 350.00   305.43338 NON EN-73299 15/09/2008 1 12465 350.00 15/09/2008 English Books

© Delhi Public Library
Hit Counter
free hit counter